India - a lonely planet travel survival kit. (Record no. 11809)

MARC details
000 -LEADER
fixed length control field 00667nam a2200241Ia 4500
003 - CONTROL NUMBER IDENTIFIER
control field IN-BaIIA
008 - FIXED-LENGTH DATA ELEMENTS--GENERAL INFORMATION
fixed length control field 211028s9999 xx 000 0 eng d
020 ## - INTERNATIONAL STANDARD BOOK NUMBER
International Standard Book Number 0-86442-321-7
040 ## - CATALOGING SOURCE
Transcribing agency IIA Library
080 ## - UNIVERSAL DECIMAL CLASSIFICATION NUMBER
Universal Decimal Classification number 910.4(540)
Item number FIN
100 ## - MAIN ENTRY--PERSONAL NAME
Personal name Finlay, H.
9 (RLIN) 20496
245 #0 - TITLE STATEMENT
Title India - a lonely planet travel survival kit.
Statement of responsibility, etc. H. Finlay, T. Wheeler and B.Thomas
250 ## - EDITION STATEMENT
Edition statement 6th ed.
260 ## - PUBLICATION, DISTRIBUTION, ETC.
Place of publication, distribution, etc. Australia
Name of publisher, distributor, etc. Lonely Planet
Date of publication, distribution, etc. 1996
300 ## - PHYSICAL DESCRIPTION
Extent 1144p
650 ## - SUBJECT ADDED ENTRY--TOPICAL TERM
Topical term or geographic name entry element Guidebooks
650 ## - SUBJECT ADDED ENTRY--TOPICAL TERM
Topical term or geographic name entry element India Tourist Guide
9 (RLIN) 20497
650 ## - SUBJECT ADDED ENTRY--TOPICAL TERM
Topical term or geographic name entry element Tourist Guide
650 ## - SUBJECT ADDED ENTRY--TOPICAL TERM
Topical term or geographic name entry element Travel Guide
9 (RLIN) 14263
700 ## - ADDED ENTRY--PERSONAL NAME
Personal name Thomas, B.
9 (RLIN) 20498
700 ## - ADDED ENTRY--PERSONAL NAME
Personal name Wheeler, T.
9 (RLIN) 17068
942 ## - ADDED ENTRY ELEMENTS (KOHA)
Koha item type Books
Holdings
Withdrawn status Lost status Damaged status Not for loan Home library Current library Shelving location Date acquired Source of acquisition Total Checkouts Full call number Barcode Date last seen Price effective from Koha item type
        IIA Library-Bangalore IIA Library-Bangalore General Stacks 15/07/1996 ANJ   910.4(540)/ FIN 12724 05/11/2021 15/07/1996 Books

Powered by Koha